000 00348nam a2200121Ia 4500
008 240731s9999 xx 000 0 und d
022 _a1578-4126
245 0 _aJournal for the Study of Education and Development : Infancia y Aprendizaje
260 _bRoutledge
856 _uhttps://www.tandfonline.com/loi/riya20
942 _2ddc
942 _cTFEJ
999 _c77393
_d77393
945 _a1
_bMadushi Gamage
_c1
_dMadushi Gamage